Schriften zum Staatskirchenrecht

Saved in:
Bibliographic Details
Main Author: Scheuner, Ulrich, 1903-
Format: Book
Language:German
Published: Berlin Duncker und Humblot, 1973.
Series:Staatskirchenrechtliche Abhandlungen ; Bd. 3.
Subjects:
Tags: Add Tag
No Tags, Be the first to tag this record!
LEADER 00807nam a2200241I 4500
001 005192425-0
005 20020606095253.2
008 741003s1973 gw 000 0 ger u
010 |a  74308162  
020 |a 3428029682 
035 0 |a ocm01028869 
040 |c BXM  |d HVL 
090 |a BV760.2  |b .S33 
100 1 |a Scheuner, Ulrich,  |d 1903- 
245 1 0 |a Schriften zum Staatskirchenrecht  |c [von] Ulrich Scheuner. Hrsg. von Joseph Listl. 
260 |a Berlin  |b Duncker und Humblot,  |c 1973. 
300 |a 608 p.  |c 24 cm. 
490 1 |a Staatskirchenrechtliche Abhandlungen ;  |v Bd. 3 
504 |a "Staatskirchenrechtsliche Gesamtbibliographie Ulrich Scheuner": p . [581]-587. 
650 0 |a Ecclesiastical law  |z Germany (West) 
830 0 |a Staatskirchenrechtliche Abhandlungen ;  |v Bd. 3. 
988 |a 20020608 
906 |0 MH